| 000 -LEADER |
| fixed length control field |
00748nam a22001817a 4500 |
| 020 ## - INTERNATIONAL STANDARD BOOK NUMBER |
| ISBN |
9789719655480 |
| 082 ## - DEWEY DECIMAL CLASSIFICATION NUMBER |
| Classification number |
499.211 |
| Item number |
M3112 2024 |
| 100 ## - MAIN ENTRY--AUTHOR NAME |
| Personal name |
Maranan, Mario H., author. |
| 245 ## - TITLE STATEMENT |
| Title |
Komunikasyon at pananaliksik sa wika at kulturang Pilipino : batay sa pamantayang itinakda sa Filipino para sa senior high school / Dr. Mario H. Maranan, Sarah Jane Manalang-Crospero. |
| 260 ## - PUBLICATION, DISTRIBUTION, ETC. (IMPRINT) |
| Place of publication |
Manila : |
| Name of publisher |
Mindshapers Co., Inc., |
| Year of publication |
©2024. |
| 300 ## - PHYSICAL DESCRIPTION |
| Number of Pages |
viii, 298 pages : |
| Other physical details |
illustrations ; 26 cm |
| 500 ## - GENERAL NOTE |
| General note |
Includes bibliographical references. |
| 650 ## - SUBJECT ADDED ENTRY--TOPICAL TERM |
| Topical Term |
Filipino language -- Study and teaching. |
| 650 ## - SUBJECT ADDED ENTRY--TOPICAL TERM |
| Topical Term |
Filipino language -- Research. |
| 650 ## - SUBJECT ADDED ENTRY--TOPICAL TERM |
| Topical Term |
Communication -- Philippines. |
| 700 ## - ADDED ENTRY--PERSONAL NAME |
| Personal name |
Manalang-Crospero, Sarah Jane. |
| 942 ## - ADDED ENTRY ELEMENTS (KOHA) |
| Koha item type |
Books |